00283nam a22000857a 4500008004100000082002100041245006900062260005700131300000900188230621b xxu||||| |||| 00| 0 eng d a328.30bCPA 1976 aSummary of Proceedings of the Twenty-Fifth Parliamentary Seminar aLondonbCommonwealth Parliamentary Associationc1976 a127p